Statystyki dla english words 🇬🇧 człowiek 🩹

Kliknij tutaj aby rozwiązać quiz!

Ogólne statystyki

  • Ten quiz został rozwiązany 168 razy
  • Średni wynik to 20 z 28

Statystyki odpowiedzi

PO POLSKUPO ANGIELSKU% Poprawnych
OkoEye
98%
WłosyHair
98%
MatkaMother
96%
BratBrother
94%
OjciecFather
94%
SzpitalHospital
94%
SiostraSister
94%
UchoEar
88%
KuzynCousin
86%
KuzynkaCousin
86%
LekarzDoctor
86%
WujekUncle
86%
CiotkaAunt
83%
BabciaGrandma
79%
UstaMouth
78%
Palce u rąkFingers
77%
Złamana nogaBroken leg
76%
StopaFoot
76%
DziadekGrandpa
76%
SzyjaNeck
73%
ŁysyBald
66%
KucykPonytail
50%
GardłoThroat
49%
CzołoForehead
47%
SzczepionkaVaccine
40%
RzęsyLashes
32%
GrzywkaFringe
23%
WysypkaRash
23%

Rozkład punktacji

Percentyl według liczby udzielonych odpowiedzi

Procent ludzi z każdym wynikiem

Twoja historia wyników

Nie rozwiązałeś tego quizu